[Event "WCO 2016"]
[Site "?"]
[Date "2016.09.11"]
[Round "9"]
[Board "4"]
[WhiteID "8604002"]
[White "Guo Qi"]
[BlackID "322750"]
[Black "Nemcova Katerina"]
[Result "1/2-1/2"]
[BlackElo "2365"]
[WhiteElo "2417"]
[LiveChessVersion "1.4.8"]

1. d4 {[%clk 1:30:53]} Nf6 {[%clk 1:30:48]} 2. Nf3 {[%clk 1:31:18]} e6
{[%clk 1:31:09]} 3. c4 {[%clk 1:31:43]} Bb4+ {[%clk 1:31:30]} 4. Bd2
{[%clk 1:31:26]} Bxd2+ {[%clk 1:31:29]} 5. Qxd2 {[%clk 1:30:56]} d5
{[%clk 1:31:31]} 6. Nc3 {[%clk 1:28:02]} O-O {[%clk 1:30:04]} 7. e3
{[%clk 1:28:24]} Qe7 {[%clk 1:29:40]} 8. Rc1 {[%clk 1:20:36]} c6 {[%clk 1:16:39]}
9. Be2 {[%clk 1:12:05]} Nbd7 {[%clk 1:14:10]} 10. O-O {[%clk 1:10:41]} Rd8
{[%clk 0:57:45]} 11. Rfd1 {[%clk 1:07:55]} b6 {[%clk 0:46:43]} 12. Qc2
{[%clk 1:02:45]} Bb7 {[%clk 0:44:55]} 13. h3 {[%clk 0:53:43]} g6 {[%clk 0:37:51]}
14. Bd3 {[%clk 0:45:04]} Rac8 {[%clk 0:32:57]} 15. Qe2 {[%clk 0:44:13]} e5
{[%clk 0:28:52]} 16. dxe5 {[%clk 0:40:15]} Nxe5 {[%clk 0:29:12]} 17. Nxe5
{[%clk 0:33:18]} Qxe5 {[%clk 0:29:37]} 18. cxd5 {[%clk 0:32:48]} Nxd5
{[%clk 0:28:00]} 19. Nxd5 {[%clk 0:32:31]} Rxd5 {[%clk 0:20:29]} 20. Bc4
{[%clk 0:32:52]} Rdd8 {[%clk 0:17:05]} 21. Qf3 {[%clk 0:31:00]} Qe7
{[%clk 0:16:04]} 22. Qf4 {[%clk 0:30:42]} c5 {[%clk 0:12:47]} 23. h4
{[%clk 0:25:28]} a6 {[%clk 0:10:37]} 24. a4 {[%clk 0:24:59]} h5 {[%clk 0:10:30]}
25. Qg5 {[%clk 0:22:31]} Qxg5 {[%clk 0:08:32]} 26. hxg5 {[%clk 0:22:55]} Kf8
{[%clk 0:08:44]} 27. f3 {[%clk 0:22:16]} Ke7 {[%clk 0:08:54]} 28. Kf2
{[%clk 0:22:05]} Bc6 {[%clk 0:07:04]} 29. Bxa6 {[%clk 0:20:51]} Rxd1
{[%clk 0:06:54]} 30. Rxd1 {[%clk 0:21:17]} Ra8 {[%clk 0:06:54]} 31. Bb5
{[%clk 0:20:57]} Bxb5 {[%clk 0:07:05]} 32. axb5 {[%clk 0:21:23]} Ra5
{[%clk 0:06:10]} 33. Kg3 {[%clk 0:21:01]} Rxb5 {[%clk 0:06:20]} 34. Rd2
{[%clk 0:21:26]} Rb3 {[%clk 0:04:27]} 35. Kf4 {[%clk 0:21:08]} Ke6
{[%clk 0:04:49]} 36. e4 {[%clk 0:18:19]} b5 {[%clk 0:03:34]} 37. Rc2
{[%clk 0:18:10]} c4 {[%clk 0:03:27]} 38. Rd2 {[%clk 0:18:35]} b4 {[%clk 0:01:55]}
39. g3 {[%clk 0:13:51]} Ke7 {[%clk 0:00:32]} 40. Rd4 {[%clk 0:42:50]} Rxb2
{[%clk 0:30:40]} 41. Rxc4 {[%clk 0:43:14]} Rb3 {[%clk 0:29:45]} 42. Rc7+
{[%clk 0:43:33]} Kf8 {[%clk 0:24:45]} 1/2-1/2

[Event "WCO 2016"]
[Site "?"]
[Date "2016.09.11"]
[Round "9"]
[Board "5"]
[WhiteID "14100126"]
[White "Shvayger Yuliya"]
[BlackID "1106619"]
[Black "Socko Monika"]
[Result "0-1"]
[BlackElo "2437"]
[WhiteElo "2408"]
[LiveChessVersion "1.4.8"]

1. e4 {[%clk 1:30:57]} c5 {[%clk 1:30:54]} 2. Nf3 {[%clk 1:31:15]} Nc6
{[%clk 1:31:20]} 3. d4 {[%clk 1:27:18]} cxd4 {[%clk 1:31:45]} 4. Nxd4
{[%clk 1:27:45]} g6 {[%clk 1:32:08]} 5. c4 {[%clk 1:26:46]} Bg7 {[%clk 1:32:32]}
6. Be3 {[%clk 1:27:10]} Nf6 {[%clk 1:32:53]} 7. Nc3 {[%clk 1:27:32]} O-O
{[%clk 1:32:59]} 8. Be2 {[%clk 1:27:25]} d6 {[%clk 1:33:00]} 9. f3
{[%clk 1:23:17]} Bd7 {[%clk 1:31:54]} 10. Qd2 {[%clk 1:23:03]} Nxd4
{[%clk 1:30:11]} 11. Bxd4 {[%clk 1:23:26]} Bc6 {[%clk 1:29:16]} 12. O-O
{[%clk 1:22:14]} a5 {[%clk 1:28:47]} 13. b3 {[%clk 1:21:53]} Nd7 {[%clk 1:29:02]}
14. Be3 {[%clk 1:21:25]} Nc5 {[%clk 1:29:23]} 15. Rab1 {[%clk 1:21:22]} e6
{[%clk 1:29:29]} 16. Rfd1 {[%clk 1:01:57]} Be5 {[%clk 1:29:49]} 17. Bf1
{[%clk 1:01:02]} Qh4 {[%clk 1:22:48]} 18. h3 {[%clk 0:50:38]} Qg3
{[%clk 1:16:23]} 19. Bd3 {[%clk 0:44:39]} f5 {[%clk 1:08:52]} 20. exf5
{[%clk 0:34:19]} Nxd3 {[%clk 0:56:45]} 21. Qxd3 {[%clk 0:26:44]} Bxf3
{[%clk 0:56:53]} 0-1

[Event "WCO 2016"]
[Site "?"]
[Date "2016.09.11"]
[Round "9"]
[Board "6"]
[WhiteID "1122320"]
[White "Zawadzka Jolanta"]
[BlackID "2810964"]
[Black "Efroimski Marsel"]
[Result "1-0"]
[BlackElo "2322"]
[WhiteElo "2429"]
[LiveChessVersion "1.4.8"]

1. e4 {[%clk 1:30:49]} c5 {[%clk 1:30:57]} 2. Nf3 {[%clk 1:31:14]} d6
{[%clk 1:31:25]} 3. Bb5+ {[%clk 1:31:36]} Bd7 {[%clk 1:31:51]} 4. Bxd7+
{[%clk 1:31:51]} Nxd7 {[%clk 1:32:16]} 5. O-O {[%clk 1:31:49]} Ngf6
{[%clk 1:32:43]} 6. Qe2 {[%clk 1:32:08]} Rc8 {[%clk 1:33:09]} 7. c3
{[%clk 1:31:36]} e6 {[%clk 1:33:31]} 8. d4 {[%clk 1:31:16]} cxd4 {[%clk 1:33:22]}
9. cxd4 {[%clk 1:31:32]} d5 {[%clk 1:33:32]} 10. e5 {[%clk 1:30:19]} Ne4
{[%clk 1:33:58]} 11. Be3 {[%clk 1:29:39]} Be7 {[%clk 1:34:14]} 12. Ne1
{[%clk 1:26:42]} f5 {[%clk 1:34:20]} 13. f3 {[%clk 1:19:55]} Ng5 {[%clk 1:34:46]}
14. Nd3 {[%clk 1:19:24]} O-O {[%clk 1:33:37]} 15. Nc3 {[%clk 1:15:58]} Rc6
{[%clk 1:31:43]} 16. Rac1 {[%clk 1:11:33]} Nf7 {[%clk 1:23:21]} 17. Nxd5
{[%clk 1:03:34]} exd5 {[%clk 1:23:28]} 18. Rxc6 {[%clk 1:04:00]} bxc6
{[%clk 1:23:53]} 19. e6 {[%clk 1:04:25]} Bd6 {[%clk 1:08:38]} 20. Bf4
{[%clk 0:57:27]} Re8 {[%clk 1:04:35]} 21. exf7+ {[%clk 0:55:33]} Kxf7
{[%clk 1:05:00]} 22. Qd2 {[%clk 0:50:28]} Qf6 {[%clk 0:58:55]} 23. Bxd6
{[%clk 0:47:47]} Qxd6 {[%clk 0:59:12]} 24. Qa5 {[%clk 0:47:17]} Re3
{[%clk 0:49:33]} 25. Rd1 {[%clk 0:45:53]} Qb8 {[%clk 0:44:59]} 26. Nb4
{[%clk 0:39:07]} Qb7 {[%clk 0:40:55]} 27. Rc1 {[%clk 0:38:02]} Qb5
{[%clk 0:27:50]} 28. Qxb5 {[%clk 0:37:12]} cxb5 {[%clk 0:28:16]} 29. Kf2
{[%clk 0:37:09]} Re7 {[%clk 0:23:19]} 30. Nxd5 {[%clk 0:37:11]} Re6
{[%clk 0:23:37]} 31. Rc7 {[%clk 0:30:53]} Rd6 {[%clk 0:23:47]} 32. Nc3
{[%clk 0:30:47]} a6 {[%clk 0:19:05]} 33. Ke3 {[%clk 0:30:28]} Ke7
{[%clk 0:18:44]} 34. Ra7 {[%clk 0:28:14]} g5 {[%clk 0:12:34]} 35. g4
{[%clk 0:20:14]} fxg4 {[%clk 0:04:02]} 36. Ne4 {[%clk 0:19:26]} Re6
{[%clk 0:02:22]} 37. d5 {[%clk 0:19:21]} Re5 {[%clk 0:02:17]} 38. Kd4
{[%clk 0:19:00]} Rf5 {[%clk 0:01:59]} 39. fxg4 {[%clk 0:17:43]} Rf4
{[%clk 0:02:22]} 40. h3 {[%clk 0:47:50]} Kd8 {[%clk 0:32:29]} 41. Ra8+
{[%clk 0:37:30]} Kc7 {[%clk 0:32:08]} 42. Re8 {[%clk 0:36:42]} Nf6
{[%clk 0:31:04]} 43. Re6 {[%clk 0:34:55]} Nxe4 {[%clk 0:31:27]} 44. Rxe4
{[%clk 0:35:21]} Rf2 {[%clk 0:29:43]} 45. Re7+ {[%clk 0:34:18]} Kd8
{[%clk 0:26:06]} 46. Ra7 {[%clk 0:32:57]} Rxb2 {[%clk 0:25:37]} 47. Rxa6
{[%clk 0:33:10]} Rh2 {[%clk 0:24:10]} 48. Kc5 {[%clk 0:24:59]} Rxh3
{[%clk 0:23:27]} 49. Kxb5 {[%clk 0:24:49]} Kd7 {[%clk 0:22:06]} 50. Kc5
{[%clk 0:24:29]} Rc3+ {[%clk 0:21:58]} 51. Kd4 {[%clk 0:24:16]} Rg3
{[%clk 0:21:40]} 52. Ke5 {[%clk 0:24:17]} Rxg4 {[%clk 0:20:41]} 53. Ra7+
{[%clk 0:24:28]} Kc8 {[%clk 0:20:29]} 54. Rxh7 {[%clk 0:23:24]} Ra4
{[%clk 0:15:11]} 55. Ke6 {[%clk 0:14:37]} Rxa2 {[%clk 0:13:25]} 56. Rh8+
{[%clk 0:15:02]} Kb7 {[%clk 0:13:44]} 57. Rg8 {[%clk 0:14:19]} Rh2
{[%clk 0:08:33]} 58. d6 {[%clk 0:13:15]} Re2+ {[%clk 0:05:26]} 59. Kd7
{[%clk 0:13:35]} Rg2 {[%clk 0:02:31]} 60. Ke7 {[%clk 0:11:58]} Re2+
{[%clk 0:02:22]} 61. Kd8 {[%clk 0:11:42]} Ra2 {[%clk 0:01:17]} 62. Rg7+
{[%clk 0:11:05]} Kc6 {[%clk 0:01:31]} 63. d7 {[%clk 0:11:10]} Kd6
{[%clk 0:00:54]} 64. Rg6+ {[%clk 0:11:29]} Ke5 {[%clk 0:01:15]} 65. Ke7
{[%clk 0:11:43]} Kf5 {[%clk 0:01:19]} 66. d8=Q {[%clk 0:10:43]} Ra7+
{[%clk 0:00:56]} 67. Kf8 {[%clk 0:10:56]} 1-0

[Event "WCO 2016"]
[Site "?"]
[Date "2016.09.11"]
[Round "9"]
[Board "7"]
[WhiteID "2802015"]
[White "Klinova Masha"]
[BlackID "1131044"]
[Black "Kulon Klaudia"]
[Result "1/2-1/2"]
[BlackElo "2346"]
[WhiteElo "2290"]
[LiveChessVersion "1.4.8"]

1. e4 {[%clk 1:30:57]} c5 {[%clk 1:30:56]} 2. Nf3 {[%clk 1:31:23]} d6
{[%clk 1:31:21]} 3. Bb5+ {[%clk 1:31:34]} Nd7 {[%clk 1:31:39]} 4. O-O
{[%clk 1:30:00]} a6 {[%clk 1:32:05]} 5. Bxd7+ {[%clk 1:30:25]} Bxd7
{[%clk 1:32:31]} 6. d4 {[%clk 1:30:51]} cxd4 {[%clk 1:32:56]} 7. Qxd4
{[%clk 1:31:15]} Rc8 {[%clk 1:33:14]} 8. a4 {[%clk 1:25:26]} e5 {[%clk 1:33:24]}
9. Qd3 {[%clk 1:23:59]} Qc7 {[%clk 1:33:49]} 10. Nc3 {[%clk 1:21:54]} h6
{[%clk 1:34:11]} 11. Be3 {[%clk 1:17:41]} Nf6 {[%clk 1:33:32]} 12. Rfd1
{[%clk 1:13:39]} Be7 {[%clk 1:32:27]} 13. Nd2 {[%clk 1:12:59]} O-O
{[%clk 1:32:12]} 14. f3 {[%clk 1:11:28]} Be6 {[%clk 1:32:07]} 15. a5
{[%clk 1:06:11]} Qc6 {[%clk 1:31:31]} 16. Nf1 {[%clk 1:04:26]} Nd7
{[%clk 1:20:49]} 17. Ng3 {[%clk 0:52:14]} Kh7 {[%clk 1:03:39]} 18. Nd5
{[%clk 0:47:16]} Bg5 {[%clk 0:50:41]} 19. Bxg5 {[%clk 0:27:44]} hxg5
{[%clk 0:50:06]} 20. c3 {[%clk 0:25:41]} Rcd8 {[%clk 0:41:48]} 21. Qe3
{[%clk 0:22:26]} f6 {[%clk 0:37:24]} 22. b4 {[%clk 0:21:33]} g6 {[%clk 0:35:57]}
23. h3 {[%clk 0:18:18]} Kg7 {[%clk 0:33:58]} 24. Rd2 {[%clk 0:17:19]} Rfe8
{[%clk 0:33:32]} 25. Rad1 {[%clk 0:16:32]} Bf7 {[%clk 0:31:39]} 26. Ne2
{[%clk 0:14:56]} Nf8 {[%clk 0:26:01]} 27. Rd3 {[%clk 0:10:07]} Ne6
{[%clk 0:25:52]} 28. Qd2 {[%clk 0:10:17]} Nf8 {[%clk 0:20:07]} 29. Ng3
{[%clk 0:10:16]} Ne6 {[%clk 0:20:13]} 30. Ne2 {[%clk 0:10:38]} Nf8
{[%clk 0:20:39]} 31. Ng3 {[%clk 0:09:00]} Ne6 {[%clk 0:20:59]} 32. Ne2
{[%clk 0:07:33]} 1/2-1/2

[Event "WCO 2016"]
[Site "?"]
[Date "2016.09.11"]
[Round "9"]
[Board "8"]
[WhiteID "1152050"]
[White "Wozniak Mariola"]
[BlackID "2807602"]
[Black "Gutmakher Olga"]
[Result "1-0"]
[BlackElo "2216"]
[WhiteElo "2246"]
[LiveChessVersion "1.4.8"]

1. d4 {[%clk 1:30:56]} Nf6 {[%clk 1:30:48]} 2. c4 {[%clk 1:31:19]} g6
{[%clk 1:31:05]} 3. f3 {[%clk 1:31:24]} Bg7 {[%clk 1:31:26]} 4. e4
{[%clk 1:30:09]} d6 {[%clk 1:31:46]} 5. Nc3 {[%clk 1:30:33]} O-O {[%clk 1:32:07]}
6. Nge2 {[%clk 1:30:48]} a6 {[%clk 1:32:03]} 7. Be3 {[%clk 1:29:52]} c6
{[%clk 1:31:08]} 8. c5 {[%clk 1:25:39]} b5 {[%clk 1:25:18]} 9. cxb6
{[%clk 1:24:02]} Qxb6 {[%clk 1:24:02]} 10. Qd2 {[%clk 1:22:24]} Rd8
{[%clk 1:18:35]} 11. Ng3 {[%clk 1:09:20]} Nbd7 {[%clk 1:15:01]} 12. Bd3
{[%clk 1:04:21]} Rb8 {[%clk 1:10:20]} 13. Rb1 {[%clk 1:02:21]} c5
{[%clk 1:08:12]} 14. dxc5 {[%clk 0:59:19]} Nxc5 {[%clk 1:05:33]} 15. O-O
{[%clk 0:57:40]} Qa5 {[%clk 1:01:42]} 16. Be2 {[%clk 0:47:53]} Bd7
{[%clk 0:46:45]} 17. Rfc1 {[%clk 0:44:32]} h5 {[%clk 0:30:10]} 18. e5
{[%clk 0:38:41]} dxe5 {[%clk 0:17:23]} 19. b4 {[%clk 0:38:04]} Rxb4
{[%clk 0:08:13]} 20. Nd1 {[%clk 0:37:23]} Rb5 {[%clk 0:07:30]} 21. Qxa5
{[%clk 0:37:22]} Rxa5 {[%clk 0:07:54]} 22. Rxc5 {[%clk 0:33:40]} Bb5
{[%clk 0:03:15]} 23. Nc3 {[%clk 0:26:03]} Nd7 {[%clk 0:03:06]} 24. Rd5
{[%clk 0:24:38]} e6 {[%clk 0:00:54]} 25. Rd2 {[%clk 0:23:28]} Ra3
{[%clk 0:00:36]} 26. Bxb5 {[%clk 0:19:51]} Rxc3 {[%clk 0:00:31]} 27. Bb6
{[%clk 0:18:46]} Rb8 {[%clk 0:00:37]} 28. Bxd7 {[%clk 0:18:51]} Bh6
{[%clk 0:00:45]} 29. Rdb2 {[%clk 0:18:44]} Bc1 {[%clk 0:00:40]} 30. Rb4
{[%clk 0:16:58]} Ba3 {[%clk 0:00:58]} 31. R4b3 {[%clk 0:17:05]} Rxb3
{[%clk 0:00:48]} 32. Rxb3 {[%clk 0:17:28]} Rxb6 {[%clk 0:00:39]} 33. Rxa3
{[%clk 0:17:47]} h4 {[%clk 0:00:40]} 34. Ne2 {[%clk 0:16:49]} f5 {[%clk 0:00:39]}
35. Bc8 {[%clk 0:16:30]} Rc6 {[%clk 0:00:41]} 36. Bxa6 {[%clk 0:16:53]} Rc2
{[%clk 0:00:47]} 37. Kf1 {[%clk 0:16:28]} Kf7 {[%clk 0:00:49]} 38. Bd3
{[%clk 0:16:40]} Rb2 {[%clk 0:00:57]} 39. Ra6 {[%clk 0:16:42]} Rd2
{[%clk 0:00:56]} 40. Bc4 {[%clk 0:46:59]} Rc2 {[%clk 0:31:00]} 41. Bxe6+
{[%clk 0:47:07]} Kg7 {[%clk 0:31:24]} 42. Bb3 {[%clk 0:47:25]} Rb2
{[%clk 0:31:44]} 43. Rb6 {[%clk 0:46:20]} 1-0

[Event "WCO 2016"]
[Site "?"]
[Date "2016.09.11"]
[Round "9"]
[Board "9"]
[WhiteID "12401226"]
[White "Pham Le Thao Nguyen"]
[BlackID "4128125"]
[Black "Kosteniuk Alexandra"]
[Result "1/2-1/2"]
[BlackElo "2538"]
[WhiteElo "2338"]
[LiveChessVersion "1.4.8"]

1. d4 {[%clk 1:30:49]} Nf6 {[%clk 1:30:53]} 2. Nf3 {[%clk 1:30:58]} e6
{[%clk 1:31:06]} 3. g3 {[%clk 1:30:51]} c5 {[%clk 1:29:27]} 4. c3
{[%clk 1:28:45]} Nc6 {[%clk 1:27:14]} 5. Bg2 {[%clk 1:28:50]} d5 {[%clk 1:24:21]}
6. O-O {[%clk 1:27:43]} h6 {[%clk 1:22:53]} 7. Nbd2 {[%clk 1:18:03]} cxd4
{[%clk 1:21:32]} 8. cxd4 {[%clk 1:15:29]} Qb6 {[%clk 1:19:21]} 9. e3
{[%clk 1:05:56]} Be7 {[%clk 1:13:38]} 10. Nb1 {[%clk 1:02:54]} Ne4
{[%clk 1:06:59]} 11. Nfd2 {[%clk 0:59:57]} Nd6 {[%clk 1:05:31]} 12. Nc3
{[%clk 0:59:50]} O-O {[%clk 1:05:52]} 13. b3 {[%clk 0:55:59]} a5 {[%clk 1:01:34]}
14. Na4 {[%clk 0:53:47]} Qd8 {[%clk 1:01:14]} 15. Bb2 {[%clk 0:51:53]} f5
{[%clk 0:56:54]} 16. Nf3 {[%clk 0:47:27]} Ne4 {[%clk 0:54:53]} 17. Rc1
{[%clk 0:43:42]} Bd7 {[%clk 0:53:56]} 18. Nc5 {[%clk 0:37:48]} Nxc5
{[%clk 0:50:39]} 19. dxc5 {[%clk 0:38:03]} Bf6 {[%clk 0:41:44]} 20. Qd2
{[%clk 0:34:28]} Bxb2 {[%clk 0:35:06]} 21. Qxb2 {[%clk 0:34:46]} Qf6
{[%clk 0:35:25]} 22. Qd2 {[%clk 0:32:40]} Ne7 {[%clk 0:34:08]} 23. Rfd1
{[%clk 0:27:40]} e5 {[%clk 0:31:28]} 24. Qc3 {[%clk 0:25:03]} e4 {[%clk 0:28:27]}
25. Qxf6 {[%clk 0:17:05]} Rxf6 {[%clk 0:28:52]} 26. Nd4 {[%clk 0:17:15]} g5
{[%clk 0:29:01]} 27. f4 {[%clk 0:14:30]} exf3 {[%clk 0:29:11]} 28. Bxf3
{[%clk 0:14:19]} Kg7 {[%clk 0:23:02]} 29. Kf2 {[%clk 0:13:30]} h5
{[%clk 0:21:45]} 30. Ne2 {[%clk 0:11:22]} Be6 {[%clk 0:17:52]} 31. h4
{[%clk 0:09:31]} f4 {[%clk 0:15:41]} 32. exf4 {[%clk 0:07:42]} gxh4
{[%clk 0:16:03]} 33. gxh4 {[%clk 0:07:50]} Ng6 {[%clk 0:16:07]} 34. Bxh5
{[%clk 0:06:27]} Nxf4 {[%clk 0:16:10]} 35. Nxf4 {[%clk 0:06:35]} Rxf4+
{[%clk 0:16:37]} 36. Kg3 {[%clk 0:06:48]} Rf6 {[%clk 0:14:14]} 37. Rd4
{[%clk 0:06:32]} Kh6 {[%clk 0:12:08]} 38. Bf3 {[%clk 0:05:44]} Rg8+
{[%clk 0:10:22]} 39. Kf2 {[%clk 0:05:42]} Bh3 {[%clk 0:06:31]} 40. Rd3
{[%clk 0:31:15]} Rg2+ {[%clk 0:33:44]} 41. Ke3 {[%clk 0:31:26]} Rg3
{[%clk 0:32:51]} 42. Kf2 {[%clk 0:13:21]} Rg2+ {[%clk 0:33:02]} 43. Ke3
{[%clk 0:12:39]} Rg3 {[%clk 0:33:05]} 44. Ke2 {[%clk 0:07:16]} d4
{[%clk 0:32:45]} 45. Rcd1 {[%clk 0:06:58]} Rgxf3 {[%clk 0:24:20]} 46. Rxf3
{[%clk 0:07:21]} Bg4 {[%clk 0:24:48]} 47. Rdd3 {[%clk 0:07:44]} Rxf3
{[%clk 0:25:09]} 48. Rxf3 {[%clk 0:08:09]} d3+ {[%clk 0:25:33]} 49. Ke3
{[%clk 0:05:30]} d2 {[%clk 0:25:56]} 50. Rf1 {[%clk 0:05:51]} d1=Q
{[%clk 0:26:20]} 51. Rxd1 {[%clk 0:06:19]} Bxd1 {[%clk 0:26:44]} 52. Kd4
{[%clk 0:06:44]} Kh5 {[%clk 0:23:02]} 53. Ke5 {[%clk 0:06:29]} Kxh4
{[%clk 0:22:18]} 54. Kd6 {[%clk 0:06:53]} a4 {[%clk 0:22:17]} 55. bxa4
{[%clk 0:07:10]} Bxa4 {[%clk 0:22:43]} 56. Kc7 {[%clk 0:07:32]} Bc6
{[%clk 0:23:07]} 57. a4 {[%clk 0:07:28]} Bxa4 {[%clk 0:23:20]} 1/2-1/2

[Event "WCO 2016"]
[Site "?"]
[Date "2016.09.11"]
[Round "9"]
[Board "10"]
[WhiteID "4167570"]
[White "Gunina Valentina"]
[BlackID "12401102"]
[Black "Hoang Thi Bao Tram"]
[Result "1-0"]
[BlackElo "2325"]
[WhiteElo "2520"]
[LiveChessVersion "1.4.8"]

1. d4 {[%clk 1:30:55]} d5 {[%clk 1:30:46]} 2. c4 {[%clk 1:31:19]} c6
{[%clk 1:31:09]} 3. Nf3 {[%clk 1:31:43]} Nf6 {[%clk 1:31:13]} 4. e3
{[%clk 1:32:03]} g6 {[%clk 1:30:19]} 5. Nc3 {[%clk 1:32:01]} Bg7 {[%clk 1:30:16]}
6. h3 {[%clk 1:32:01]} O-O {[%clk 1:29:28]} 7. Bd3 {[%clk 1:32:25]} b6
{[%clk 1:27:24]} 8. O-O {[%clk 1:32:02]} Bb7 {[%clk 1:27:13]} 9. Qe2
{[%clk 1:30:09]} e6 {[%clk 1:24:50]} 10. e4 {[%clk 1:25:50]} dxe4
{[%clk 1:22:27]} 11. Nxe4 {[%clk 1:26:16]} Nxe4 {[%clk 1:21:05]} 12. Bxe4
{[%clk 1:25:46]} Nd7 {[%clk 1:20:28]} 13. Bg5 {[%clk 1:25:45]} Qc7
{[%clk 1:17:31]} 14. Rad1 {[%clk 1:24:56]} Rfe8 {[%clk 1:16:51]} 15. Rfe1
{[%clk 1:21:59]} Rac8 {[%clk 1:06:55]} 16. Qe3 {[%clk 1:20:28]} Nf6
{[%clk 0:59:33]} 17. Bc2 {[%clk 1:15:07]} c5 {[%clk 0:53:58]} 18. Ne5
{[%clk 1:13:06]} cxd4 {[%clk 0:51:34]} 19. Rxd4 {[%clk 1:13:29]} Nd5
{[%clk 0:48:20]} 20. Qg3 {[%clk 1:03:55]} f6 {[%clk 0:34:56]} 21. cxd5
{[%clk 1:03:27]} exd5 {[%clk 0:30:04]} 22. Bb3 {[%clk 0:57:51]} Rcd8
{[%clk 0:19:35]} 23. Bxf6 {[%clk 0:54:42]} Bxf6 {[%clk 0:19:57]} 24. f4
{[%clk 0:54:59]} Kg7 {[%clk 0:20:07]} 25. Kh1 {[%clk 0:54:31]} Re7
{[%clk 0:19:07]} 26. h4 {[%clk 0:49:39]} Qc5 {[%clk 0:12:49]} 27. Red1
{[%clk 0:47:14]} Qc7 {[%clk 0:08:47]} 28. Re1 {[%clk 0:45:20]} Qc5
{[%clk 0:09:06]} 29. Rdd1 {[%clk 0:45:26]} d4 {[%clk 0:08:04]} 30. h5
{[%clk 0:44:46]} Bxe5 {[%clk 0:06:46]} 31. fxe5 {[%clk 0:45:00]} d3
{[%clk 0:06:35]} 32. Qg5 {[%clk 0:42:02]} Rf8 {[%clk 0:04:51]} 33. h6+
{[%clk 0:41:37]} Kh8 {[%clk 0:05:14]} 34. Rxd3 {[%clk 0:39:46]} Ree8
{[%clk 0:03:56]} 35. Qe3 {[%clk 0:37:07]} Qe7 {[%clk 0:01:42]} 36. Kg1
{[%clk 0:36:42]} Rf5 {[%clk 0:00:55]} 37. e6 {[%clk 0:34:06]} Bc6
{[%clk 0:01:06]} 38. Rd2 {[%clk 0:32:05]} Rh5 {[%clk 0:00:33]} 39. Rd7
{[%clk 0:30:54]} Bxd7 {[%clk 0:00:36]} 40. Qd4+ {[%clk 1:01:09]} 1-0

[Event "WCO 2016"]
[Site "?"]
[Date "2016.09.11"]
[Round "9"]
[Board "11"]
[WhiteID "12401676"]
[White "Nguyen Thi Mai Hung"]
[BlackID "4147103"]
[Black "Goryachkina Aleksandra"]
[Result "1/2-1/2"]
[BlackElo "2475"]
[WhiteElo "2316"]
[LiveChessVersion "1.4.8"]

1. d4 {[%clk 1:30:50]} d5 {[%clk 1:30:48]} 2. Bf4 {[%clk 1:28:47]} c5
{[%clk 1:30:19]} 3. e3 {[%clk 1:29:02]} Nc6 {[%clk 1:30:25]} 4. c3
{[%clk 1:27:55]} Nf6 {[%clk 1:29:38]} 5. Nd2 {[%clk 1:28:16]} Bf5
{[%clk 1:29:05]} 6. Qb3 {[%clk 1:27:41]} Qd7 {[%clk 1:28:07]} 7. Ngf3
{[%clk 1:26:52]} c4 {[%clk 1:27:31]} 8. Qb5 {[%clk 1:20:58]} Nh5 {[%clk 1:16:38]}
9. b3 {[%clk 1:13:00]} Nxf4 {[%clk 1:02:47]} 10. exf4 {[%clk 1:13:19]} a6
{[%clk 0:59:37]} 11. Qb6 {[%clk 1:12:59]} cxb3 {[%clk 0:54:14]} 12. axb3
{[%clk 1:06:35]} Rc8 {[%clk 0:51:54]} 13. Be2 {[%clk 1:01:10]} e6
{[%clk 0:51:20]} 14. b4 {[%clk 0:55:14]} Be7 {[%clk 0:48:35]} 15. b5
{[%clk 0:54:30]} axb5 {[%clk 0:46:23]} 16. Bxb5 {[%clk 0:48:24]} O-O
{[%clk 0:45:15]} 17. Ne5 {[%clk 0:31:22]} Qc7 {[%clk 0:44:11]} 18. Qxc7
{[%clk 0:31:45]} Rxc7 {[%clk 0:44:37]} 19. Bxc6 {[%clk 0:27:28]} bxc6
{[%clk 0:44:58]} 20. Ke2 {[%clk 0:23:26]} c5 {[%clk 0:39:11]} 21. Ra2
{[%clk 0:19:56]} f6 {[%clk 0:37:26]} 22. Nef3 {[%clk 0:19:02]} c4
{[%clk 0:37:08]} 23. Rha1 {[%clk 0:19:15]} Rb8 {[%clk 0:36:22]} 24. Ra8
{[%clk 0:18:38]} Rcb7 {[%clk 0:34:48]} 25. Rxb8+ {[%clk 0:19:01]} Rxb8
{[%clk 0:35:16]} 26. Ra2 {[%clk 0:18:43]} h6 {[%clk 0:34:37]} 27. h4
{[%clk 0:18:22]} Bd6 {[%clk 0:29:59]} 28. g3 {[%clk 0:18:40]} Rb5
{[%clk 0:29:12]} 29. Kd1 {[%clk 0:15:23]} Rb7 {[%clk 0:25:51]} 30. Kc1
{[%clk 0:13:00]} Kf7 {[%clk 0:25:48]} 31. Ra6 {[%clk 0:05:39]} Ke7
{[%clk 0:25:41]} 32. Ra2 {[%clk 0:05:15]} Kd7 {[%clk 0:25:41]} 33. Ra6
{[%clk 0:04:59]} Kc7 {[%clk 0:24:22]} 34. Ra2 {[%clk 0:04:56]} Kd7
{[%clk 0:18:59]} 35. Ra6 {[%clk 0:05:00]} Bc7 {[%clk 0:18:51]} 36. Ra2
{[%clk 0:04:57]} Rb5 {[%clk 0:18:00]} 37. Ra3 {[%clk 0:04:17]} Ba5
{[%clk 0:17:13]} 38. Kd1 {[%clk 0:03:57]} Kc6 {[%clk 0:15:46]} 39. Kc1
{[%clk 0:03:55]} Bb6 {[%clk 0:14:29]} 40. Ra2 {[%clk 0:33:14]} Kb7
{[%clk 0:42:28]} 41. Ra3 {[%clk 0:33:08]} Bd8 {[%clk 0:42:05]} 42. Ra2
{[%clk 0:31:55]} Be7 {[%clk 0:42:21]} 43. Ra4 {[%clk 0:28:59]} Bd6
{[%clk 0:16:24]} 44. Ra1 {[%clk 0:26:32]} Kb6 {[%clk 0:16:20]} 45. Ra2
{[%clk 0:26:16]} Bg6 {[%clk 0:15:03]} 46. Ne1 {[%clk 0:13:55]} Ra5
{[%clk 0:12:06]} 47. Kb2 {[%clk 0:13:23]} Rxa2+ {[%clk 0:11:52]} 48. Kxa2
{[%clk 0:13:51]} Kb5 {[%clk 0:12:06]} 49. Kb2 {[%clk 0:13:18]} Ka4
{[%clk 0:12:22]} 50. Nc2 {[%clk 0:13:42]} Bd3 {[%clk 0:11:54]} 51. Nf3
{[%clk 0:12:55]} Be2 {[%clk 0:11:38]} 52. Nd2 {[%clk 0:09:49]} Be7
{[%clk 0:10:52]} 53. Nb1 {[%clk 0:09:25]} Bd3 {[%clk 0:10:35]} 1/2-1/2